Moluscos del viaje al Pacífico verificado de 1862 a 1865 por una comisión de naturalistas enviada por el gobierno español / (Record no. 154583)
[ view plain ]
| 000 -LEADER | |
|---|---|
| campo de control de longitud fija | 01208nam a2200241 i 4500 |
| 001 - NÚMERO DE CONTROL | |
| campo de control | 154583 |
| 003 - IDENTIFICADOR DE NÚMERO DE CONTROL | |
| campo de control | ES-MaACL |
| 005 - FECHA Y HORA DE LA ÚLTIMA TRANSACCIÓN | |
| campo de control | 20251009063056.0 |
| 008 - DATOS DE LONGITUD FIJA--INFORMACIÓN GENERAL | |
| campo de control de longitud fija | 970404m18691879sp a |||| | spa d |
| 040 ## - FUENTE DE CATALOGACIÓN | |
| Centro catalogador/agencia de origen | CYL |
| Lengua de catalogación | spa |
| Centro/agencia transcriptor | CYL |
| 100 1# - ENTRADA PRINCIPAL--NOMBRE DE PERSONA | |
| Nombre de persona | González Hidalgo, Joaquín, |
| Fechas asociadas al nombre | 1839-1923 |
| 9 (RLIN) | 127415 |
| 245 10 - MENCIÓN DEL TÍTULO | |
| Título | Moluscos del viaje al Pacífico verificado de 1862 a 1865 por una comisión de naturalistas enviada por el gobierno español / |
| Mención de responsabilidad, etc. | por Joaquín Gonzalez Hidalgo. |
| 260 ## - PUBLICACIÓN, DISTRIBUCIÓN, ETC. | |
| Lugar de publicación, distribución, etc. | Madrid : |
| Nombre del editor, distribuidor, etc. | [s.n.], |
| Fecha de publicación, distribución, etc. | 1869-1879 ( |
| Fabricante | Imprenta de Miguel Ginesta) |
| 300 ## - DESCRIPCIÓN FÍSICA | |
| Extensión | 3 v.(152 p. ; 78 p., 8 h. de lám ; 144 p.) ; |
| Dimensiones | 32 cm. |
| 505 8# - NOTA DE CONTENIDO CON FORMATO | |
| Nota de contenido con formato | Contiene: Parte primera: Univalvos terrestres / por Joaquín Gonzalez Hidalgo. Parte segunda: Bivalbos marinos / Francisco Martinez y Saez. Parte tercera: Univalvos marinos / por J. G. Hidalgo |
| 530 ## - NOTA DISPONIBLE DE FORMULARIO FÍSICO ADICIONAL | |
| Nota de formato físico adicional disponible | Disponible en formato digital. |
| 650 #4 - PUNTO DE ACCESO ADICIONAL DE MATERIA--TÉRMINO DE MATERIA | |
| Término de materia o nombre geográfico como elemento de entrada | Moluscos- |
| Subdivisión geográfica | Pacífico. |
| 9 (RLIN) | 163543 |
| 700 11 - ENTRADA AGREGADA--NOMBRE PERSONAL | |
| Nombre de persona | Martínez y Sáez, Francisco de Paula, |
| Fechas asociadas al nombre | 1835-1908 |
| 9 (RLIN) | 129653 |
| 700 1# - ENTRADA AGREGADA--NOMBRE PERSONAL | |
| Nombre de persona | Delahaye, Guy. |
| 9 (RLIN) | 126730 |
| 852 ## - LOCALIZACIÓN | |
| Ubicación | ES-MaACL |
| Número de control de estantería | G-11628-30 |
| Nota libre | -- Enc. hol. |
| 856 ## - LOCALIZACIÓN Y ACCESO ELECTRÓNICOS | |
| Identificador Uniforme de Recursos | <a href="http://bdh-rd.bne.es/viewer.vm?id=0000011832&page=1 ">http://bdh-rd.bne.es/viewer.vm?id=0000011832&page=1 </a> |
| Nota pública | Biblioteca Digital Hispánica |
| Estatus retirado | Estado de pérdida | Estado de daño | No para préstamo | Colección | Biblioteca de origen | Biblioteca actual | Ubicación en estantería | Fecha de adquisición | Total de préstamos | Signatura topográfica completa | Código de barras | Visto por última vez | Precio de reemplazo | Tipo de ítem Koha |
|---|---|---|---|---|---|---|---|---|---|---|---|---|---|---|
| Colección digital | Biblioteca del Ateneo de Madrid | Biblioteca del Ateneo de Madrid | Sala Pecera Planta 3 | 17/01/2008 | G-11628-30 | 1161675 | 23/02/2023 | 23/02/2023 | Libro impreso antiguo |
